000 00448nam a2200181 a 4500
001 4899
003 CO-ViMGA
008 141112s2004 ck r 000 u spa d
040 _aCO-ViMGA
_bspa
_cCO-ViMGA
082 0 4 _aSENl
100 1 _aSennell, Joles
245 1 0 _aEl lápiz fantástico
260 _aBarcelona :
_bLabor,
_c1987
300 _a77 p : il
490 _aBolsillo juvenil, 64
650 1 4 _aCUENTOS INFANTILES
_92743
942 _2ddc
_cBK
999 _c16905
_d16905